=LDR 00000nam 2200000 4500 =001 INLIS000000000003298 =005 20250303100551 =035 ##$$a 0010-0325000014 =007 ta =008 250303###########################0#ind## =020 ##$$a 2503-362x =082 ##$$a 304.66 =084 ##$$a 304.66 BAD p =245 1#$$a Potret Wanita Suku Bajo, Suku Sawang, dan Suku Laut di Indonesia /$c Badan Kependudukan dan Keluarga Berencana Nasional (Penulis) =250 ##$$a - =260 ##$$a Jakarta :$b Badan Kependudukan dan Keluarga Berencana Nasional,$c 2016 =300 ##$$a 6 hlm : $b ilus ; $c 23 cm$e - =650 #4$$a Keluarga Berencana =110 #$$a Badan Kependudukan dan Keluarga Berencana Nasional =520 ##$$a Wanita dari suku yang hidup di laut terdiri dari berbagai macam suku yang mempunyai perilaku dan adat istiadat tersendiri yang berbeda tentang perkawinan, fertilitas, keputusan mengenai usia kawin pertama, jumlah anak ideal, preferensi seksual, metode pencegahan kehamilan, dan sebagainya, yang secara langsung maupun tidak langsung dapat mempengaruhi pola fertilitas. Informasi tentang wanita suku yang hidup di laut di Indonesia masih minim sehingga seringkali ‘terlupakan’ oleh pembangunan. Literatur menunjukkan mayoritas suku laut dikenal sebagai Suku Bajo di Wakatobi, Suku Sawang di Belitung, dan Suku Laut di Lingga, Kepulauan Riau =856 ##$$a Perpustakaan BKKBN Pusat